000 01411nam a2200325 4500
001 0000022987
003 CO-CtgCURN
005 20250329191030.0
007 ta
008 160627s2003 000 0 eng d
020 _a9586556573
040 _aCO-CtgCURN
_bspa
_ccoctgcurn
082 0 _a303.6
_bG216p
100 1 _aGarcía de la Torre, Clara Ines.
245 1 0 _aParadojas de los conflictos violentos :
_bterritorios, regiones y fronteras en Colombia /
_cClara Ines García de la Torre.
260 _aMedellin :
_bUniversidad de Antioquia,
_c2003.
300 _a31p.
336 _2rdacontent
337 _2rdamedia
_asin mediacion
_bn
338 _2rdacarrier
_avolumen
_bnc
490 1 _aLegado del saber : contribuciones de la Universidad de Antioquia al conocimiento ;
_v6
504 _aBibliografia (p. 31)
505 8 _aTerritorios regiones y fronteras en Colombia.--Los conceptos de territorios y region.--Geografia e historia.--Conflicto que hacen region.--El estado.--La Investigación sobre conflicto y regiones en el instituto de estudios regionales de la universidad de antioquia en Colombia
650 1 4 _aConflicto armado
_zColombia.
710 2 _aUniversidad de Antioquia.
908 _a160627
942 _cBK
_h303.6
_iG216p
_2ddc
999 _c11716
_d11716